000 00645nam a2200253Ia 4500
003 OSt
005 20220918163504.0
006 a|||||r|||| 00| 0
007 ta
008 220917b |||||||| |||| 00| 0 eng d
020 _a004800426
024 _a36,770
037 _cTextual
040 _aARTS
_cARTS
_beng
041 _2eng
_aeng
082 _aO12,1C92:g, 111M7
100 _aWilliams R D
_913419
245 0 _aAenied
260 _aLondon
_bAllen UK
_c1987
300 _axiii, 171p.
_ccm.
650 _aENGLISH LITERATURE
942 _hO12,1C92:g, 111M7
_cTEXL
_2CC
999 _c119829
_d119829